[Event "Krapina op 12th"]
[Site "Krapina"]
[Date "2024.01.19"]
[Round "1"]
[White "Kolednjak, Tomislav"]
[Black "Kaselic, Noa"]
[Result "0-1"]
[WhiteElo "2065"]
[BlackElo "1526"]
[PlyCount "98"]
[EventDate "2024.01.19"]
[EventType "swiss"]
[EventRounds "7"]
[EventCountry "CRO"]
[SourceTitle "CB06_2024"]
[SourceDate "2024.02.07"]
[SourceVersion "1"]
[SourceVersionDate "2024.02.07"]
[SourceQuality "1"]

1. Nf3 c5 2. c4 Nf6 3. Nc3 Nc6 4. e3 d5 5. cxd5 Nxd5 6. Bb5 Nxc3 7. bxc3 Bd7 8. 0-0 a6 9. Be2 e6 10. d4 cxd4 11. cxd4 Be7 12. Rb1 b5 13. e4 0-0 14. Bf4 Rc8 15. Qd2 Na5 16. Ne5 Be8 17. Rfc1 Nc6 18. Nf3 Ba3 19. Rc3 Qa5 20. Qd3 Bb4 21. Rc2 Bd7 22. Qb3 Qa3 23. Rbc1 Qxb3 24. axb3 Na5 25. Ne5 Nxb3 26. Rxc8 Rxc8 27. Rb1 Nxd4 28. Bf1 Bd6 29. Rd1 Bxe5 30. Bxe5 Nc6 31. Bb2 Rc7 32. Ra1 Ra7 33. f4 h6 34. Kf2 a5 35. Ke3 b4 36. Bb5 Nb8 37. Bd3 a4 38. Bd4 Rc7 39. Be5 Rb7 40. Kd2 b3 41. Bb2 Rb6 42. Kc3 Na6 43. Bxa6 Rxa6 44. Kb4 Rb6+ 45. Ka3 Rd6 46. Bc3 Rd3 47. Kb4 Re3 48. Re1 Rxe1 49. Bxe1 b2 0-1

[Event "Garesnica op"]
[Site "Garesnica"]
[Date "2023.06.11"]
[Round "7"]
[White "Sermek, Antonio"]
[Black "Kolednjak, Tomislav"]
[Result "1/2-1/2"]
[WhiteElo "2118"]
[BlackElo "2079"]
[PlyCount "52"]
[EventDate "2023.06.08"]
[EventType "swiss"]
[EventRounds "7"]
[EventCountry "CRO"]
[SourceTitle "CBM 214 Extra"]
[Source "ChessBase"]
[SourceDate "2023.07.31"]
[SourceVersion "1"]
[SourceVersionDate "2023.07.31"]
[SourceQuality "1"]

1. d4 d5 2. Nf3 Nf6 3. Bf4 c5 4. e3 Nc6 5. c3 Qb6 6. b3 cxd4 7. exd4 Bg4 8. Be2 e6 9. 0-0 Be7 10. Nbd2 0-0 11. h3 Bh5 12. Ne5 Bxe2 13. Qxe2 Rac8 14. Qd3 Rfd8 15. Ng4 a6 16. Nxf6+ Bxf6 17. Nf3 Qa5 18. Bd2 Qc7 19. a4 Ne7 20. a5 Nf5 21. Rfc1 Nh4 22. Nxh4 Bxh4 23. b4 Qc4 24. Qxc4 dxc4 25. Be3 Rd5 26. Ra2 Kf8 1/2-1/2

[Event "Vrsar op"]
[Site "Vrsar"]
[Date "2023.04.29"]
[Round "7"]
[White "Crnkovic, Zdravko"]
[Black "Kolednjak, Tomislav"]
[Result "0-1"]
[WhiteElo "1979"]
[BlackElo "2066"]
[PlyCount "64"]
[EventDate "2023.04.25"]
[EventType "swiss"]
[EventRounds "9"]
[EventCountry "CRO"]
[SourceTitle "CBM 214 Extra"]
[Source "ChessBase"]
[SourceDate "2023.07.31"]
[SourceVersion "1"]
[SourceVersionDate "2023.07.31"]
[SourceQuality "1"]

1. e4 Nf6 2. e5 Nd5 3. d4 d6 4. c4 Nb6 5. exd6 cxd6 6. Be3 g6 7. Nd2 Bg7 8. Rc1 0-0 9. Ngf3 Bg4 10. Be2 d5 11. c5 Nc8 12. h3 Bxf3 13. Nxf3 Nc6 14. 0-0 e6 15. a3 a5 16. b3 N8e7 17. Qd3 Nf5 18. Rfd1 Nxe3 19. fxe3 Qe7 20. e4 dxe4 21. Qxe4 Rad8 22. Rc4 Rd7 23. b4 axb4 24. axb4 Rfd8 25. Kh1 Qf6 26. b5 Nxd4 27. c6 Nxe2 28. Rxd7 Ng3+ 29. Kh2 Nxe4 30. Rxd8+ Qxd8 31. c7 Qc8 32. b6 Nc3 0-1

[Event "Krapina op 11th"]
[Site "Krapina"]
[Date "2023.01.13"]
[Round "1"]
[White "Frouth, Vibor"]
[Black "Kolednjak, Tomislav"]
[Result "1/2-1/2"]
[WhiteElo "1523"]
[BlackElo "2049"]
[PlyCount "92"]
[EventDate "2023.01.13"]
[EventType "swiss"]
[EventRounds "7"]
[EventCountry "CRO"]
[SourceTitle "CBM 212 Extra"]
[Source "ChessBase"]
[SourceDate "2023.03.31"]
[SourceVersion "1"]
[SourceVersionDate "2023.03.31"]
[SourceQuality "1"]

1. e4 c6 2. d4 d5 3. Nc3 dxe4 4. Nxe4 Nf6 5. Nxf6+ exf6 6. Bc4 Bd6 7. Nf3 0-0 8. 0-0 Bg4 9. Qd3 Nd7 10. Bb3 a5 11. c3 Nc5 12. Qd1 Nxb3 13. axb3 Qb6 14. h3 Bxf3 15. Qxf3 Qxb3 16. Rb1 Rfe8 17. Be3 Re6 18. Rfd1 Rd8 19. Kh1 Bc7 20. Rd2 Rd5 21. Re1 g6 22. Qd1 Qc4 23. Qe2 Qxe2 24. Rdxe2 Rd8 25. g3 Rde8 26. Kg2 f5 27. f4 f6 28. Kf3 Kf7 29. Rb1 b5 30. b3 Bb6 31. Rbe1 Re4 32. Bc1 Rxe2 33. Rxe2 Rxe2 34. Kxe2 Ke6 35. Be3 Bc7 36. c4 bxc4 37. bxc4 g5 38. Kd3 h5 39. h4 Bd6 40. Bd2 Bc7 41. Kc3 gxh4 42. gxh4 Bb6 43. Be3 Kd7 44. Kb3 Bc7 45. Ka4 Kc8 46. Bd2 Kd7 1/2-1/2

[Event "Varazdinske Toplice op"]
[Site "Varazdinske Toplice"]
[Date "2022.12.26"]
[Round "3"]
[White "Kolednjak, Tomislav"]
[Black "Cavlek, Marko"]
[Result "1-0"]
[WhiteElo "2029"]
[BlackElo "1772"]
[PlyCount "29"]
[EventDate "2022.12.26"]
[EventType "swiss"]
[EventRounds "9"]
[EventCountry "CRO"]
[SourceTitle "CBM 211 Extra"]
[Source "ChessBase"]
[SourceDate "2023.01.31"]
[SourceVersion "1"]
[SourceVersionDate "2023.01.31"]
[SourceQuality "1"]

1. Nf3 d5 2. e3 Nf6 3. c4 e6 4. Nc3 c6 5. b3 Bd6 6. d4 Nbd7 7. Bb2 Qe7 8. Bd3 a6 9. 0-0 dxc4 10. bxc4 b5 11. a3 0-0 12. Qc2 e5 13. Ne4 h6 14. Nxd6 Qxd6 15. dxe5 1-0

[Event "Split op 10th"]
[Site "Split"]
[Date "2021.08.06"]
[Round "8"]
[White "Kolednjak, Tomislav"]
[Black "Muha, Miljenko"]
[Result "0-1"]
[WhiteElo "2041"]
[BlackElo "2290"]
[PlyCount "70"]
[EventDate "2021.07.31"]
[EventType "swiss"]
[EventRounds "9"]
[EventCountry "CRO"]
[SourceTitle "CBM 203 Extra"]
[Source "ChessBase"]
[SourceDate "2021.09.30"]
[SourceVersion "1"]
[SourceVersionDate "2021.09.30"]
[SourceQuality "1"]

1. d4 e6 2. c4 f5 3. Nf3 Nf6 4. g3 d5 5. Bg2 Be7 6. 0-0 0-0 7. b3 Ne4 8. Ba3 Nd7 9. Bxe7 Qxe7 10. Qc2 c6 11. Nbd2 b6 12. Nxe4 fxe4 13. Ne5 Nxe5 14. dxe5 Bb7 15. f4 exf3 16. exf3 Qc5+ 17. Kh1 dxc4 18. bxc4 Rad8 19. f4 Rd4 20. Bh3 Bc8 21. Rac1 Rfd8 22. Rfd1 Qa5 23. Rxd4 Rxd4 24. c5 bxc5 25. Qb3 c4 26. Qb8 Rd8 27. Bf1 Qd5+ 28. Bg2 Qd2 29. Qb1 c3 30. Be4 c5 31. Bxh7+ Kh8 32. Be4 Rd4 33. Bf3 Qb2 34. Rd1 Qxb1 35. Rxb1 Bb7 0-1

[Event "Krapina op 10th"]
[Site "Krapina"]
[Date "2020.01.19"]
[Round "7"]
[White "Kolednjak, Tomislav"]
[Black "Krklec, Josip"]
[Result "1/2-1/2"]
[WhiteElo "1993"]
[BlackElo "2012"]
[PlyCount "20"]
[EventDate "2020.01.16"]
[EventType "swiss"]
[EventRounds "7"]
[EventCountry "CRO"]
[SourceTitle "CBM 194 Extra"]
[Source "ChessBase"]
[SourceDate "2020.03.31"]
[SourceVersion "1"]
[SourceVersionDate "2020.03.31"]
[SourceQuality "1"]

1. Nf3 Nf6 2. c4 c5 3. Nc3 Nc6 4. d4 cxd4 5. Nxd4 g6 6. e4 d6 7. Be2 Bg7 8. Be3 Bd7 9. 0-0 0-0 10. f3 a6 1/2-1/2

[Event "Krapina op 10th"]
[Site "Krapina"]
[Date "2020.01.19"]
[Round "6"]
[White "Veverec, Ivo"]
[Black "Kolednjak, Tomislav"]
[Result "0-1"]
[WhiteElo "1768"]
[BlackElo "1993"]
[PlyCount "78"]
[EventDate "2020.01.16"]
[EventType "swiss"]
[EventRounds "7"]
[EventCountry "CRO"]
[SourceTitle "CBM 194 Extra"]
[Source "ChessBase"]
[SourceDate "2020.03.31"]
[SourceVersion "1"]
[SourceVersionDate "2020.03.31"]
[SourceQuality "1"]

1. e4 c5 2. Nf3 Nc6 3. d4 cxd4 4. Nxd4 Nf6 5. Nc3 e5 6. Nb3 Bb4 7. Bd3 d5 8. exd5 Nxd5 9. Bd2 Nxc3 10. Bxc3 Bxc3+ 11. bxc3 0-0 12. 0-0 Qc7 13. Qe2 Be6 14. Rfe1 Rad8 15. f3 f6 16. Kh1 Ne7 17. f4 Nc6 18. fxe5 Nxe5 19. Nd4 Bc8 20. Nb5 Qc5 21. c4 Rfe8 22. Qf1 Bd7 23. Nc3 Bc6 24. Qf5 Nxd3 25. Rxe8+ Bxe8 26. Qxc5 Nxc5 27. Nd5 Bc6 28. Rd1 Kf7 29. Kg1 Rd7 30. Kf2 Na4 31. Ne3 Rxd1 32. Nxd1 Be4 33. Ne3 Nc3 34. a3 Nb1 35. a4 Na3 36. c3 Nb1 37. Nd1 Bc2 38. Ne3 Bxa4 39. Nf5 Bc6 0-1

[Event "Podturen Mavrin Memorial 8th"]
[Site "Podturen"]
[Date "2020.01.04"]
[Round "3"]
[White "Kolednjak, Tomislav"]
[Black "Novak, Ivan2222"]
[Result "1/2-1/2"]
[WhiteElo "1993"]
[BlackElo "2192"]
[PlyCount "80"]
[EventDate "2020.01.03"]
[EventType "swiss"]
[EventRounds "7"]
[EventCountry "CRO"]
[SourceTitle "CBM 194 Extra"]
[Source "ChessBase"]
[SourceDate "2020.03.31"]
[SourceVersion "1"]
[SourceVersionDate "2020.03.31"]
[SourceQuality "1"]

1. Nf3 Nf6 2. c4 c5 3. Nc3 Nc6 4. d4 cxd4 5. Nxd4 g6 6. e4 Qa5 7. Nb3 Qd8 8. Nd4 d6 9. Be2 Bg7 10. Be3 0-0 11. 0-0 Bd7 12. f3 a6 13. Qd2 Rc8 14. Nxc6 Bxc6 15. Rab1 Nd7 16. Rfc1 f5 17. exf5 gxf5 18. Nd5 Rf7 19. Nf4 Nf8 20. Rd1 Qd7 21. b4 b5 22. c5 e5 23. Nd5 dxc5 24. Nb6 Qxd2 25. Rxd2 Re8 26. bxc5 Ne6 27. Bd1 Rc7 28. Bb3 Kf8 29. Bxe6 Rxe6 30. Rbd1 Kf7 31. Rd8 Bf6 32. Rc8 Rxc8 33. Nxc8 f4 34. Nd6+ Kg6 35. Bf2 Be7 36. a3 h5 37. h4 Bf8 38. Ne4 Be7 39. Nd6 Bf6 40. Ne4 Be7 1/2-1/2

[Event "Hum na Sutli op 13th"]
[Site "Hum na Sutli"]
[Date "2019.08.31"]
[Round "9"]
[White "Grbac, Boris"]
[Black "Kolednjak, Tomislav"]
[Result "1/2-1/2"]
[WhiteElo "2088"]
[BlackElo "1968"]
[PlyCount "146"]
[EventDate "2019.08.24"]
[EventType "swiss"]
[EventRounds "9"]
[EventCountry "CRO"]
[SourceTitle "EXT 2020"]
[Source "ChessBase"]
[SourceDate "2019.10.17"]
[SourceVersion "1"]
[SourceVersionDate "2019.10.17"]
[SourceQuality "1"]

1. e4 c5 2. d4 cxd4 3. c3 dxc3 4. Nxc3 Nc6 5. Nf3 e6 6. Bc4 Nge7 7. Bg5 h6 8. Nb5 d5 9. Bf4 Ng6 10. Nc7+ Ke7 11. Bg3 dxc4 12. Nxa8 e5 13. Qxd8+ Kxd8 14. 0-0-0+ Bd7 15. Rd5 Kc8 16. Rhd1 Be6 17. Rxe5 Ngxe5 18. Nxe5 Nb4 19. Nc7 Bc5 20. Nxe6 fxe6 21. a3 Nc6 22. Nxc4 Rd8 23. b4 Rxd1+ 24. Kxd1 Bd4 25. Kc2 Kd7 26. Kd3 b5 27. Nd2 e5 28. Nb1 Ke6 29. f3 a6 30. Be1 g6 31. Bc3 Bb6 32. Nd2 Ne7 33. Nb3 Nc8 34. Bd2 h5 35. Be3 Bxe3 36. Kxe3 Nb6 37. Nc5+ Kd6 38. Nxa6 Nc4+ 39. Kd3 Nxa3 40. Nc5 Nc4 41. Nb3 Nb2+ 42. Ke2 Na4 43. Nc1 g5 44. g3 Ke6 45. Ke3 Nb2 46. Na2 Nc4+ 47. Kf2 Nb2 48. Ke3 Nc4+ 49. Kd3 Nb2+ 50. Kc2 Nc4 51. Nc3 Ne3+ 52. Kd3 Nf1 53. Ke2 Nxh2 54. Nxb5 g4 55. fxg4 hxg4 56. Nc7+ Kd6 57. Nd5 Kc6 58. Nc3 Nf3 59. Kd3 Nd4 60. Nd1 Kb5 61. Ne3 Kxb4 62. Nxg4 Nc6 63. Nf6 Kc5 64. g4 Kd6 65. Kc4 Nd4 66. Nd5 Nf3 67. Ne3 Ng5 68. Kd3 Nh3 69. Nf5+ Ke6 70. Ke3 Ng5 71. Ng3 Nh3 72. Nf1 Kf6 73. Nd2 Kg5 1/2-1/2

[Event "Hum na Sutli op 13th"]
[Site "Hum na Sutli"]
[Date "2019.08.25"]
[Round "2"]
[White "Kolednjak, Tomislav"]
[Black "Medic, Mirjana"]
[Result "1/2-1/2"]
[WhiteElo "1968"]
[BlackElo "2186"]
[PlyCount "116"]
[EventDate "2019.08.24"]
[EventType "swiss"]
[EventRounds "9"]
[EventCountry "CRO"]
[SourceTitle "EXT 2020"]
[Source "ChessBase"]
[SourceDate "2019.10.17"]
[SourceVersion "1"]
[SourceVersionDate "2019.10.17"]
[SourceQuality "1"]

1. e4 e6 2. d4 d5 3. Nc3 Nf6 4. Bg5 Be7 5. e5 Nfd7 6. h4 Bxg5 7. hxg5 Qxg5 8. Nh3 Qe7 9. Qg4 g6 10. f4 Nc6 11. 0-0-0 Nb6 12. Ng5 h5 13. Qf3 Bd7 14. g4 0-0-0 15. gxh5 gxh5 16. Rxh5 f6 17. Nh3 Rxh5 18. Qxh5 Qg7 19. Bb5 Rh8 20. Qf3 Ne7 21. Bd3 Rh4 22. Ne2 Qh6 23. Nf2 fxe5 24. dxe5 Be8 25. Rh1 Rxh1+ 26. Qxh1 Qxh1+ 27. Nxh1 c5 28. c3 Bg6 29. Kd2 Bxd3 30. Kxd3 Ng6 31. b3 Kd7 32. Ke3 Nc8 33. Nhg3 Nce7 34. Nc1 Nh4 35. Nce2 b6 36. Ng1 Neg6 37. Nh3 a6 38. Nh5 Nf5+ 39. Kd3 b5 40. Nf6+ Ke7 41. c4 dxc4+ 42. bxc4 Ng3 43. cxb5 axb5 44. Ke3 Nh4 45. Ng5 Nhf5+ 46. Kd3 c4+ 47. Kc3 Ne2+ 48. Kd2 Nxf4 49. Nfe4 b4 50. Nf3 Nd5 51. Ne1 Nd4 52. Nd6 Nb6 53. Nxc4 Nxc4+ 54. Kd3 Nxe5+ 55. Kxd4 Kd6 56. Nc2 Nc6+ 57. Kc4 e5 58. Nxb4 Nxb4 1/2-1/2

[Event "Hum na Sutli op 12th"]
[Site "Hum na Sutli"]
[Date "2018.08.30"]
[Round "8"]
[White "Kolednjak, Tomislav"]
[Black "Medic, Mirjana"]
[Result "0-1"]
[WhiteElo "1945"]
[BlackElo "2167"]
[PlyCount "124"]
[EventDate "2018.08.25"]
[EventType "swiss"]
[EventRounds "9"]
[EventCountry "CRO"]
[SourceTitle "CBM 186 Extra"]
[Source "ChessBase"]
[SourceDate "2018.08.24"]
[SourceVersion "1"]
[SourceVersionDate "2018.08.24"]
[SourceQuality "1"]

1. d4 Nf6 2. c4 e6 3. Nf3 b6 4. g3 Bb7 5. Bg2 Be7 6. 0-0 0-0 7. Nc3 Ne4 8. Qc2 Nxc3 9. Qxc3 f5 10. h4 Bf6 11. Bg5 d6 12. e3 Nd7 13. Rad1 Qe7 14. b4 Bxg5 15. Nxg5 Bxg2 16. Kxg2 h6 17. Nf3 Nf6 18. Nd2 Rae8 19. f3 e5 20. Rde1 Qf7 21. d5 Qg6 22. Kh2 Qh5 23. Kg2 f4 24. exf4 exf4 25. Qd4 fxg3 26. Kxg3 Qf5 27. Kh2 Re5 28. Rxe5 dxe5 29. Qe3 Qh5 30. Kh3 Qf5+ 31. Kh2 b5 32. Rg1 Kh7 33. Re1 bxc4 34. Nxc4 e4 35. Nd2 exf3 36. Qxf3 Qxf3 37. Nxf3 Nxd5 38. Kg2 Nxb4 39. Re7 Nxa2 40. Rxc7 a5 41. Ra7 Rf5 42. Kg3 Rd5 43. Kf4 Nc3 44. Ke3 Kg6 45. Nd4 Kf6 46. Ra6+ Kf7 47. Ra7+ Kg8 48. Nc6 Kh7 49. Rxa5 Rxa5 50. Nxa5 Kg6 51. Kf4 Kh5 52. Kg3 Ne2+ 53. Kh3 Nf4+ 54. Kg3 Ng6 55. Nc4 Nxh4 56. Ne5 g5 57. Kh3 Nf5 58. Ng4 Nd4 59. Ne5 Ne2 60. Ng4 Kg6 61. Ne3 h5 62. Nd5 Nf4+ 0-1